<?xml version="1.0" encoding="UTF-8"?>
<collection xmlns="http://www.loc.gov/MARC21/slim">
<record>
  <controlfield tag="001">2743423</controlfield>
  <controlfield tag="005">20230706162809.0</controlfield>
  <datafield tag="024" ind1="8" ind2=" ">
    <subfield code="a">oai:cds.cern.ch:2743423</subfield>
    <subfield code="p">cerncds:FULLTEXT</subfield>
  </datafield>
  <datafield tag="037" ind1=" " ind2=" ">
    <subfield code="a">CERN-PHOTO-202011-147</subfield>
  </datafield>
  <datafield tag="100" ind1=" " ind2=" ">
    <subfield code="0">AUTHOR|(CDS)2094367</subfield>
    <subfield code="0">AUTHOR|(SzGeCERN)763679</subfield>
    <subfield code="a">Ordan, Julien Marius</subfield>
    <subfield code="m">julien.ordan@cern.ch</subfield>
    <subfield code="u">Facility for Antiproton and Ion  Research (DE)</subfield>
  </datafield>
  <datafield tag="245" ind1=" " ind2=" ">
    <subfield code="a">PSD detector destined for NA61/SHINE at CERN and CBM at FAIR, Darmstadt, Germany</subfield>
  </datafield>
  <datafield tag="260" ind1=" " ind2=" ">
    <subfield code="c">2020</subfield>
  </datafield>
  <datafield tag="269" ind1=" " ind2=" ">
    <subfield code="a">Geneva</subfield>
    <subfield code="b">CERN</subfield>
    <subfield code="c">2020-11-03</subfield>
  </datafield>
  <datafield tag="500" ind1=" " ind2=" ">
    <subfield code="a">General Photo</subfield>
  </datafield>
  <datafield tag="506" ind1=" " ind2=" ">
    <subfield code="a">public</subfield>
  </datafield>
  <datafield tag="520" ind1=" " ind2=" ">
    <subfield code="a">The Projectile Spectator Detector (PSD) is the forward hadron compensating lead/scintillator calorimeter. It will be used in fixed target experiments to measure the event centrality and reaction plane orientation in heavy-ion collisions, for instance, in NA61/SHINE at CERN and in the Compressed Baryonic Matter (CBM) experiment at the Facility for Antiproton and Ion Research (FAIR) in Germany which aim is to explore the QCD phase diagram in the region of high baryon densities. PSD at the NA61/SHINE beyond 2020 would operate in the beam energy range 20-150 AGeV and beam rates up to 50 kHz.</subfield>
  </datafield>
  <datafield tag="540" ind1=" " ind2=" ">
    <subfield code="a">CC-BY-4.0</subfield>
  </datafield>
  <datafield tag="542" ind1=" " ind2=" ">
    <subfield code="d">CERN</subfield>
    <subfield code="g">2020</subfield>
  </datafield>
  <datafield tag="595" ind1=" " ind2=" ">
    <subfield code="a">CERN EDS</subfield>
    <subfield code="s">PHOTOLAB</subfield>
  </datafield>
  <datafield tag="650" ind1="2" ind2="7">
    <subfield code="2">SzGeCERN</subfield>
    <subfield code="a">Experiments and Tracks</subfield>
  </datafield>
  <datafield tag="650" ind1="1" ind2="7">
    <subfield code="2">SzGeCERN</subfield>
    <subfield code="a">Photolab</subfield>
  </datafield>
  <datafield tag="653" ind1="1" ind2=" ">
    <subfield code="9">CERN</subfield>
    <subfield code="a">NA61</subfield>
  </datafield>
  <datafield tag="653" ind1="1" ind2=" ">
    <subfield code="9">CERN</subfield>
    <subfield code="a">modules</subfield>
  </datafield>
  <datafield tag="653" ind1="1" ind2=" ">
    <subfield code="9">CERN</subfield>
    <subfield code="a">experiment</subfield>
  </datafield>
  <datafield tag="653" ind1="1" ind2=" ">
    <subfield code="9">CERN</subfield>
    <subfield code="a">projectile</subfield>
  </datafield>
  <datafield tag="653" ind1="1" ind2=" ">
    <subfield code="9">CERN</subfield>
    <subfield code="a">CBM</subfield>
  </datafield>
  <datafield tag="653" ind1="1" ind2=" ">
    <subfield code="9">CERN</subfield>
    <subfield code="a">887</subfield>
  </datafield>
  <datafield tag="653" ind1="1" ind2=" ">
    <subfield code="9">CERN</subfield>
    <subfield code="a">detector</subfield>
  </datafield>
  <datafield tag="690" ind1="C" ind2=" ">
    <subfield code="a">CERN</subfield>
  </datafield>
  <datafield tag="690" ind1="C" ind2=" ">
    <subfield code="a">PHOTO</subfield>
  </datafield>
  <datafield tag="856" ind1="4" ind2=" ">
    <subfield code="8">2268106</subfield>
    <subfield code="s">168878386</subfield>
    <subfield code="u">http://cds.cern.ch/record/2743423/files/202011-147_01.tif</subfield>
  </datafield>
  <datafield tag="856" ind1="4" ind2=" ">
    <subfield code="8">2268106</subfield>
    <subfield code="s">25183821</subfield>
    <subfield code="u">http://cds.cern.ch/record/2743423/files/202011-147_01.jpg</subfield>
  </datafield>
  <datafield tag="856" ind1="4" ind2=" ">
    <subfield code="8">2268107</subfield>
    <subfield code="s">211061690</subfield>
    <subfield code="u">http://cds.cern.ch/record/2743423/files/202011-147_02.tif</subfield>
  </datafield>
  <datafield tag="856" ind1="4" ind2=" ">
    <subfield code="8">2268107</subfield>
    <subfield code="s">27768188</subfield>
    <subfield code="u">http://cds.cern.ch/record/2743423/files/202011-147_02.jpg</subfield>
  </datafield>
  <datafield tag="856" ind1="4" ind2=" ">
    <subfield code="8">2268108</subfield>
    <subfield code="s">225124074</subfield>
    <subfield code="u">http://cds.cern.ch/record/2743423/files/202011-147_03.tif</subfield>
  </datafield>
  <datafield tag="856" ind1="4" ind2=" ">
    <subfield code="8">2268108</subfield>
    <subfield code="s">31134882</subfield>
    <subfield code="u">http://cds.cern.ch/record/2743423/files/202011-147_03.jpg</subfield>
  </datafield>
  <datafield tag="856" ind1="4" ind2=" ">
    <subfield code="8">2268109</subfield>
    <subfield code="s">607797502</subfield>
    <subfield code="u">http://cds.cern.ch/record/2743423/files/202011-147_04.tif</subfield>
  </datafield>
  <datafield tag="856" ind1="4" ind2=" ">
    <subfield code="8">2268109</subfield>
    <subfield code="s">84399611</subfield>
    <subfield code="u">http://cds.cern.ch/record/2743423/files/202011-147_04.jpg</subfield>
  </datafield>
  <datafield tag="856" ind1="4" ind2=" ">
    <subfield code="8">2268110</subfield>
    <subfield code="s">610960148</subfield>
    <subfield code="u">http://cds.cern.ch/record/2743423/files/202011-147_05.tif</subfield>
  </datafield>
  <datafield tag="856" ind1="4" ind2=" ">
    <subfield code="8">2268110</subfield>
    <subfield code="s">66583913</subfield>
    <subfield code="u">http://cds.cern.ch/record/2743423/files/202011-147_05.jpg</subfield>
  </datafield>
  <datafield tag="856" ind1="4" ind2=" ">
    <subfield code="8">2268111</subfield>
    <subfield code="s">544965204</subfield>
    <subfield code="u">http://cds.cern.ch/record/2743423/files/202011-147_06.tif</subfield>
  </datafield>
  <datafield tag="856" ind1="4" ind2=" ">
    <subfield code="8">2268111</subfield>
    <subfield code="s">57618686</subfield>
    <subfield code="u">http://cds.cern.ch/record/2743423/files/202011-147_06.jpg</subfield>
  </datafield>
  <datafield tag="856" ind1="4" ind2=" ">
    <subfield code="8">2268112</subfield>
    <subfield code="s">57597369</subfield>
    <subfield code="u">http://cds.cern.ch/record/2743423/files/202011-147_07.jpg</subfield>
  </datafield>
  <datafield tag="856" ind1="4" ind2=" ">
    <subfield code="8">2268112</subfield>
    <subfield code="s">579164898</subfield>
    <subfield code="u">http://cds.cern.ch/record/2743423/files/202011-147_07.tif</subfield>
  </datafield>
  <datafield tag="856" ind1="4" ind2=" ">
    <subfield code="8">2268113</subfield>
    <subfield code="s">447791850</subfield>
    <subfield code="u">http://cds.cern.ch/record/2743423/files/202011-147_08.tif</subfield>
  </datafield>
  <datafield tag="856" ind1="4" ind2=" ">
    <subfield code="8">2268113</subfield>
    <subfield code="s">50233081</subfield>
    <subfield code="u">http://cds.cern.ch/record/2743423/files/202011-147_08.jpg</subfield>
  </datafield>
  <datafield tag="856" ind1="4" ind2=" ">
    <subfield code="8">2268114</subfield>
    <subfield code="s">278406830</subfield>
    <subfield code="u">http://cds.cern.ch/record/2743423/files/202011-147_09.tif</subfield>
  </datafield>
  <datafield tag="856" ind1="4" ind2=" ">
    <subfield code="8">2268114</subfield>
    <subfield code="s">37168749</subfield>
    <subfield code="u">http://cds.cern.ch/record/2743423/files/202011-147_09.jpg</subfield>
  </datafield>
  <datafield tag="856" ind1="4" ind2=" ">
    <subfield code="8">2268115</subfield>
    <subfield code="s">496275734</subfield>
    <subfield code="u">http://cds.cern.ch/record/2743423/files/202011-147_10.tif</subfield>
  </datafield>
  <datafield tag="856" ind1="4" ind2=" ">
    <subfield code="8">2268115</subfield>
    <subfield code="s">56107516</subfield>
    <subfield code="u">http://cds.cern.ch/record/2743423/files/202011-147_10.jpg</subfield>
  </datafield>
  <datafield tag="856" ind1="4" ind2=" ">
    <subfield code="8">2268116</subfield>
    <subfield code="s">458309928</subfield>
    <subfield code="u">http://cds.cern.ch/record/2743423/files/202011-147_11.tif</subfield>
  </datafield>
  <datafield tag="856" ind1="4" ind2=" ">
    <subfield code="8">2268116</subfield>
    <subfield code="s">47362647</subfield>
    <subfield code="u">http://cds.cern.ch/record/2743423/files/202011-147_11.jpg</subfield>
  </datafield>
  <datafield tag="856" ind1="4" ind2=" ">
    <subfield code="8">2268117</subfield>
    <subfield code="s">458310200</subfield>
    <subfield code="u">http://cds.cern.ch/record/2743423/files/202011-147_12.tif</subfield>
  </datafield>
  <datafield tag="856" ind1="4" ind2=" ">
    <subfield code="8">2268117</subfield>
    <subfield code="s">52869900</subfield>
    <subfield code="u">http://cds.cern.ch/record/2743423/files/202011-147_12.jpg</subfield>
  </datafield>
  <datafield tag="856" ind1="4" ind2=" ">
    <subfield code="8">2268118</subfield>
    <subfield code="s">597027728</subfield>
    <subfield code="u">http://cds.cern.ch/record/2743423/files/202011-147_13.tif</subfield>
  </datafield>
  <datafield tag="856" ind1="4" ind2=" ">
    <subfield code="8">2268118</subfield>
    <subfield code="s">66009120</subfield>
    <subfield code="u">http://cds.cern.ch/record/2743423/files/202011-147_13.jpg</subfield>
  </datafield>
  <datafield tag="856" ind1="4" ind2=" ">
    <subfield code="8">2268119</subfield>
    <subfield code="s">534902074</subfield>
    <subfield code="u">http://cds.cern.ch/record/2743423/files/202011-147_14.tif</subfield>
  </datafield>
  <datafield tag="856" ind1="4" ind2=" ">
    <subfield code="8">2268119</subfield>
    <subfield code="s">59044172</subfield>
    <subfield code="u">http://cds.cern.ch/record/2743423/files/202011-147_14.jpg</subfield>
  </datafield>
  <datafield tag="856" ind1="4" ind2=" ">
    <subfield code="8">2268120</subfield>
    <subfield code="s">136026764</subfield>
    <subfield code="u">http://cds.cern.ch/record/2743423/files/202011-147_15.tif</subfield>
  </datafield>
  <datafield tag="856" ind1="4" ind2=" ">
    <subfield code="8">2268120</subfield>
    <subfield code="s">19076624</subfield>
    <subfield code="u">http://cds.cern.ch/record/2743423/files/202011-147_15.jpg</subfield>
  </datafield>
  <datafield tag="856" ind1="4" ind2=" ">
    <subfield code="8">2268121</subfield>
    <subfield code="s">236702976</subfield>
    <subfield code="u">http://cds.cern.ch/record/2743423/files/202011-147_16.tif</subfield>
  </datafield>
  <datafield tag="856" ind1="4" ind2=" ">
    <subfield code="8">2268121</subfield>
    <subfield code="s">32700425</subfield>
    <subfield code="u">http://cds.cern.ch/record/2743423/files/202011-147_16.jpg</subfield>
  </datafield>
  <datafield tag="856" ind1="4" ind2=" ">
    <subfield code="8">2268122</subfield>
    <subfield code="s">278662208</subfield>
    <subfield code="u">http://cds.cern.ch/record/2743423/files/202011-147_17.tif</subfield>
  </datafield>
  <datafield tag="856" ind1="4" ind2=" ">
    <subfield code="8">2268122</subfield>
    <subfield code="s">38007788</subfield>
    <subfield code="u">http://cds.cern.ch/record/2743423/files/202011-147_17.jpg</subfield>
  </datafield>
  <datafield tag="856" ind1="4" ind2=" ">
    <subfield code="8">2268123</subfield>
    <subfield code="s">280918700</subfield>
    <subfield code="u">http://cds.cern.ch/record/2743423/files/202011-147_18.tif</subfield>
  </datafield>
  <datafield tag="856" ind1="4" ind2=" ">
    <subfield code="8">2268123</subfield>
    <subfield code="s">34624535</subfield>
    <subfield code="u">http://cds.cern.ch/record/2743423/files/202011-147_18.jpg</subfield>
  </datafield>
  <datafield tag="856" ind1="4" ind2=" ">
    <subfield code="8">2268124</subfield>
    <subfield code="s">241610570</subfield>
    <subfield code="u">http://cds.cern.ch/record/2743423/files/202011-147_19.tif</subfield>
  </datafield>
  <datafield tag="856" ind1="4" ind2=" ">
    <subfield code="8">2268124</subfield>
    <subfield code="s">38161832</subfield>
    <subfield code="u">http://cds.cern.ch/record/2743423/files/202011-147_19.jpg</subfield>
  </datafield>
  <datafield tag="856" ind1="4" ind2=" ">
    <subfield code="8">2268125</subfield>
    <subfield code="s">213611520</subfield>
    <subfield code="u">http://cds.cern.ch/record/2743423/files/202011-147_20.tif</subfield>
  </datafield>
  <datafield tag="856" ind1="4" ind2=" ">
    <subfield code="8">2268125</subfield>
    <subfield code="s">26420850</subfield>
    <subfield code="u">http://cds.cern.ch/record/2743423/files/202011-147_20.jpg</subfield>
  </datafield>
  <datafield tag="856" ind1="4" ind2=" ">
    <subfield code="8">2268126</subfield>
    <subfield code="s">180297992</subfield>
    <subfield code="u">http://cds.cern.ch/record/2743423/files/202011-147_21.tif</subfield>
  </datafield>
  <datafield tag="856" ind1="4" ind2=" ">
    <subfield code="8">2268126</subfield>
    <subfield code="s">24837887</subfield>
    <subfield code="u">http://cds.cern.ch/record/2743423/files/202011-147_21.jpg</subfield>
  </datafield>
  <datafield tag="856" ind1="4" ind2=" ">
    <subfield code="8">2268127</subfield>
    <subfield code="s">236329186</subfield>
    <subfield code="u">http://cds.cern.ch/record/2743423/files/202011-147_22.tif</subfield>
  </datafield>
  <datafield tag="856" ind1="4" ind2=" ">
    <subfield code="8">2268127</subfield>
    <subfield code="s">27043302</subfield>
    <subfield code="u">http://cds.cern.ch/record/2743423/files/202011-147_22.jpg</subfield>
  </datafield>
  <datafield tag="856" ind1="4" ind2=" ">
    <subfield code="8">2268128</subfield>
    <subfield code="s">670231734</subfield>
    <subfield code="u">http://cds.cern.ch/record/2743423/files/202011-147_23.tif</subfield>
  </datafield>
  <datafield tag="856" ind1="4" ind2=" ">
    <subfield code="8">2268128</subfield>
    <subfield code="s">77006525</subfield>
    <subfield code="u">http://cds.cern.ch/record/2743423/files/202011-147_23.jpg</subfield>
  </datafield>
  <datafield tag="856" ind1="4" ind2=" ">
    <subfield code="8">2268129</subfield>
    <subfield code="s">237564410</subfield>
    <subfield code="u">http://cds.cern.ch/record/2743423/files/202011-147_24.tif</subfield>
  </datafield>
  <datafield tag="856" ind1="4" ind2=" ">
    <subfield code="8">2268129</subfield>
    <subfield code="s">32636333</subfield>
    <subfield code="u">http://cds.cern.ch/record/2743423/files/202011-147_24.jpg</subfield>
  </datafield>
  <datafield tag="856" ind1="4" ind2=" ">
    <subfield code="8">2268130</subfield>
    <subfield code="s">147919020</subfield>
    <subfield code="u">http://cds.cern.ch/record/2743423/files/202011-147_25.tif</subfield>
  </datafield>
  <datafield tag="856" ind1="4" ind2=" ">
    <subfield code="8">2268130</subfield>
    <subfield code="s">21559489</subfield>
    <subfield code="u">http://cds.cern.ch/record/2743423/files/202011-147_25.jpg</subfield>
  </datafield>
  <datafield tag="856" ind1="4" ind2=" ">
    <subfield code="8">2268131</subfield>
    <subfield code="s">662542810</subfield>
    <subfield code="u">http://cds.cern.ch/record/2743423/files/202011-147_26.tif</subfield>
  </datafield>
  <datafield tag="856" ind1="4" ind2=" ">
    <subfield code="8">2268131</subfield>
    <subfield code="s">76315065</subfield>
    <subfield code="u">http://cds.cern.ch/record/2743423/files/202011-147_26.jpg</subfield>
  </datafield>
  <datafield tag="856" ind1="4" ind2=" ">
    <subfield code="8">2268132</subfield>
    <subfield code="s">669873126</subfield>
    <subfield code="u">http://cds.cern.ch/record/2743423/files/202011-147_27.tif</subfield>
  </datafield>
  <datafield tag="856" ind1="4" ind2=" ">
    <subfield code="8">2268132</subfield>
    <subfield code="s">92059311</subfield>
    <subfield code="u">http://cds.cern.ch/record/2743423/files/202011-147_27.jpg</subfield>
  </datafield>
  <datafield tag="856" ind1="4" ind2=" ">
    <subfield code="8">2268133</subfield>
    <subfield code="s">652772830</subfield>
    <subfield code="u">http://cds.cern.ch/record/2743423/files/202011-147_28.tif</subfield>
  </datafield>
  <datafield tag="856" ind1="4" ind2=" ">
    <subfield code="8">2268133</subfield>
    <subfield code="s">85820880</subfield>
    <subfield code="u">http://cds.cern.ch/record/2743423/files/202011-147_28.jpg</subfield>
  </datafield>
  <datafield tag="856" ind1="4" ind2=" ">
    <subfield code="8">2268106</subfield>
    <subfield code="s">1055234</subfield>
    <subfield code="u">http://cds.cern.ch/record/2743423/files/202011-147_01.jpg?subformat=icon-1440</subfield>
    <subfield code="x">icon-1440</subfield>
  </datafield>
  <datafield tag="856" ind1="4" ind2=" ">
    <subfield code="8">2268106</subfield>
    <subfield code="s">255900</subfield>
    <subfield code="u">http://cds.cern.ch/record/2743423/files/202011-147_01.jpg?subformat=icon-640</subfield>
    <subfield code="x">icon-640</subfield>
  </datafield>
  <datafield tag="856" ind1="4" ind2=" ">
    <subfield code="8">2268106</subfield>
    <subfield code="s">39839</subfield>
    <subfield code="u">http://cds.cern.ch/record/2743423/files/202011-147_01.jpg?subformat=icon-180</subfield>
    <subfield code="x">icon-180</subfield>
  </datafield>
  <datafield tag="856" ind1="4" ind2=" ">
    <subfield code="8">2268107</subfield>
    <subfield code="s">198833</subfield>
    <subfield code="u">http://cds.cern.ch/record/2743423/files/202011-147_02.jpg?subformat=icon-640</subfield>
    <subfield code="x">icon-640</subfield>
  </datafield>
  <datafield tag="856" ind1="4" ind2=" ">
    <subfield code="8">2268107</subfield>
    <subfield code="s">32336</subfield>
    <subfield code="u">http://cds.cern.ch/record/2743423/files/202011-147_02.jpg?subformat=icon-180</subfield>
    <subfield code="x">icon-180</subfield>
  </datafield>
  <datafield tag="856" ind1="4" ind2=" ">
    <subfield code="8">2268107</subfield>
    <subfield code="s">788498</subfield>
    <subfield code="u">http://cds.cern.ch/record/2743423/files/202011-147_02.jpg?subformat=icon-1440</subfield>
    <subfield code="x">icon-1440</subfield>
  </datafield>
  <datafield tag="856" ind1="4" ind2=" ">
    <subfield code="8">2268108</subfield>
    <subfield code="s">175700</subfield>
    <subfield code="u">http://cds.cern.ch/record/2743423/files/202011-147_03.jpg?subformat=icon-640</subfield>
    <subfield code="x">icon-640</subfield>
  </datafield>
  <datafield tag="856" ind1="4" ind2=" ">
    <subfield code="8">2268108</subfield>
    <subfield code="s">27660</subfield>
    <subfield code="u">http://cds.cern.ch/record/2743423/files/202011-147_03.jpg?subformat=icon-180</subfield>
    <subfield code="x">icon-180</subfield>
  </datafield>
  <datafield tag="856" ind1="4" ind2=" ">
    <subfield code="8">2268108</subfield>
    <subfield code="s">763269</subfield>
    <subfield code="u">http://cds.cern.ch/record/2743423/files/202011-147_03.jpg?subformat=icon-1440</subfield>
    <subfield code="x">icon-1440</subfield>
  </datafield>
  <datafield tag="856" ind1="4" ind2=" ">
    <subfield code="8">2268109</subfield>
    <subfield code="s">1320860</subfield>
    <subfield code="u">http://cds.cern.ch/record/2743423/files/202011-147_04.jpg?subformat=icon-1440</subfield>
    <subfield code="x">icon-1440</subfield>
  </datafield>
  <datafield tag="856" ind1="4" ind2=" ">
    <subfield code="8">2268109</subfield>
    <subfield code="s">316601</subfield>
    <subfield code="u">http://cds.cern.ch/record/2743423/files/202011-147_04.jpg?subformat=icon-640</subfield>
    <subfield code="x">icon-640</subfield>
  </datafield>
  <datafield tag="856" ind1="4" ind2=" ">
    <subfield code="8">2268109</subfield>
    <subfield code="s">42536</subfield>
    <subfield code="u">http://cds.cern.ch/record/2743423/files/202011-147_04.jpg?subformat=icon-180</subfield>
    <subfield code="x">icon-180</subfield>
  </datafield>
  <datafield tag="856" ind1="4" ind2=" ">
    <subfield code="8">2268110</subfield>
    <subfield code="s">1013337</subfield>
    <subfield code="u">http://cds.cern.ch/record/2743423/files/202011-147_05.jpg?subformat=icon-1440</subfield>
    <subfield code="x">icon-1440</subfield>
  </datafield>
  <datafield tag="856" ind1="4" ind2=" ">
    <subfield code="8">2268110</subfield>
    <subfield code="s">251489</subfield>
    <subfield code="u">http://cds.cern.ch/record/2743423/files/202011-147_05.jpg?subformat=icon-640</subfield>
    <subfield code="x">icon-640</subfield>
  </datafield>
  <datafield tag="856" ind1="4" ind2=" ">
    <subfield code="8">2268110</subfield>
    <subfield code="s">36889</subfield>
    <subfield code="u">http://cds.cern.ch/record/2743423/files/202011-147_05.jpg?subformat=icon-180</subfield>
    <subfield code="x">icon-180</subfield>
  </datafield>
  <datafield tag="856" ind1="4" ind2=" ">
    <subfield code="8">2268111</subfield>
    <subfield code="s">1038480</subfield>
    <subfield code="u">http://cds.cern.ch/record/2743423/files/202011-147_06.jpg?subformat=icon-1440</subfield>
    <subfield code="x">icon-1440</subfield>
  </datafield>
  <datafield tag="856" ind1="4" ind2=" ">
    <subfield code="8">2268111</subfield>
    <subfield code="s">266695</subfield>
    <subfield code="u">http://cds.cern.ch/record/2743423/files/202011-147_06.jpg?subformat=icon-640</subfield>
    <subfield code="x">icon-640</subfield>
  </datafield>
  <datafield tag="856" ind1="4" ind2=" ">
    <subfield code="8">2268111</subfield>
    <subfield code="s">38776</subfield>
    <subfield code="u">http://cds.cern.ch/record/2743423/files/202011-147_06.jpg?subformat=icon-180</subfield>
    <subfield code="x">icon-180</subfield>
  </datafield>
  <datafield tag="856" ind1="4" ind2=" ">
    <subfield code="8">2268112</subfield>
    <subfield code="s">253332</subfield>
    <subfield code="u">http://cds.cern.ch/record/2743423/files/202011-147_07.jpg?subformat=icon-640</subfield>
    <subfield code="x">icon-640</subfield>
  </datafield>
  <datafield tag="856" ind1="4" ind2=" ">
    <subfield code="8">2268112</subfield>
    <subfield code="s">37279</subfield>
    <subfield code="u">http://cds.cern.ch/record/2743423/files/202011-147_07.jpg?subformat=icon-180</subfield>
    <subfield code="x">icon-180</subfield>
  </datafield>
  <datafield tag="856" ind1="4" ind2=" ">
    <subfield code="8">2268112</subfield>
    <subfield code="s">976723</subfield>
    <subfield code="u">http://cds.cern.ch/record/2743423/files/202011-147_07.jpg?subformat=icon-1440</subfield>
    <subfield code="x">icon-1440</subfield>
  </datafield>
  <datafield tag="856" ind1="4" ind2=" ">
    <subfield code="8">2268113</subfield>
    <subfield code="s">199499</subfield>
    <subfield code="u">http://cds.cern.ch/record/2743423/files/202011-147_08.jpg?subformat=icon-640</subfield>
    <subfield code="x">icon-640</subfield>
  </datafield>
  <datafield tag="856" ind1="4" ind2=" ">
    <subfield code="8">2268113</subfield>
    <subfield code="s">31558</subfield>
    <subfield code="u">http://cds.cern.ch/record/2743423/files/202011-147_08.jpg?subformat=icon-180</subfield>
    <subfield code="x">icon-180</subfield>
  </datafield>
  <datafield tag="856" ind1="4" ind2=" ">
    <subfield code="8">2268113</subfield>
    <subfield code="s">768771</subfield>
    <subfield code="u">http://cds.cern.ch/record/2743423/files/202011-147_08.jpg?subformat=icon-1440</subfield>
    <subfield code="x">icon-1440</subfield>
  </datafield>
  <datafield tag="856" ind1="4" ind2=" ">
    <subfield code="8">2268114</subfield>
    <subfield code="s">231327</subfield>
    <subfield code="u">http://cds.cern.ch/record/2743423/files/202011-147_09.jpg?subformat=icon-640</subfield>
    <subfield code="x">icon-640</subfield>
  </datafield>
  <datafield tag="856" ind1="4" ind2=" ">
    <subfield code="8">2268114</subfield>
    <subfield code="s">31542</subfield>
    <subfield code="u">http://cds.cern.ch/record/2743423/files/202011-147_09.jpg?subformat=icon-180</subfield>
    <subfield code="x">icon-180</subfield>
  </datafield>
  <datafield tag="856" ind1="4" ind2=" ">
    <subfield code="8">2268114</subfield>
    <subfield code="s">990455</subfield>
    <subfield code="u">http://cds.cern.ch/record/2743423/files/202011-147_09.jpg?subformat=icon-1440</subfield>
    <subfield code="x">icon-1440</subfield>
  </datafield>
  <datafield tag="856" ind1="4" ind2=" ">
    <subfield code="8">2268115</subfield>
    <subfield code="s">236647</subfield>
    <subfield code="u">http://cds.cern.ch/record/2743423/files/202011-147_10.jpg?subformat=icon-640</subfield>
    <subfield code="x">icon-640</subfield>
  </datafield>
  <datafield tag="856" ind1="4" ind2=" ">
    <subfield code="8">2268115</subfield>
    <subfield code="s">36589</subfield>
    <subfield code="u">http://cds.cern.ch/record/2743423/files/202011-147_10.jpg?subformat=icon-180</subfield>
    <subfield code="x">icon-180</subfield>
  </datafield>
  <datafield tag="856" ind1="4" ind2=" ">
    <subfield code="8">2268115</subfield>
    <subfield code="s">958695</subfield>
    <subfield code="u">http://cds.cern.ch/record/2743423/files/202011-147_10.jpg?subformat=icon-1440</subfield>
    <subfield code="x">icon-1440</subfield>
  </datafield>
  <datafield tag="856" ind1="4" ind2=" ">
    <subfield code="8">2268116</subfield>
    <subfield code="s">188272</subfield>
    <subfield code="u">http://cds.cern.ch/record/2743423/files/202011-147_11.jpg?subformat=icon-640</subfield>
    <subfield code="x">icon-640</subfield>
  </datafield>
  <datafield tag="856" ind1="4" ind2=" ">
    <subfield code="8">2268116</subfield>
    <subfield code="s">29686</subfield>
    <subfield code="u">http://cds.cern.ch/record/2743423/files/202011-147_11.jpg?subformat=icon-180</subfield>
    <subfield code="x">icon-180</subfield>
  </datafield>
  <datafield tag="856" ind1="4" ind2=" ">
    <subfield code="8">2268116</subfield>
    <subfield code="s">753250</subfield>
    <subfield code="u">http://cds.cern.ch/record/2743423/files/202011-147_11.jpg?subformat=icon-1440</subfield>
    <subfield code="x">icon-1440</subfield>
  </datafield>
  <datafield tag="856" ind1="4" ind2=" ">
    <subfield code="8">2268117</subfield>
    <subfield code="s">206296</subfield>
    <subfield code="u">http://cds.cern.ch/record/2743423/files/202011-147_12.jpg?subformat=icon-640</subfield>
    <subfield code="x">icon-640</subfield>
  </datafield>
  <datafield tag="856" ind1="4" ind2=" ">
    <subfield code="8">2268117</subfield>
    <subfield code="s">31518</subfield>
    <subfield code="u">http://cds.cern.ch/record/2743423/files/202011-147_12.jpg?subformat=icon-180</subfield>
    <subfield code="x">icon-180</subfield>
  </datafield>
  <datafield tag="856" ind1="4" ind2=" ">
    <subfield code="8">2268117</subfield>
    <subfield code="s">833522</subfield>
    <subfield code="u">http://cds.cern.ch/record/2743423/files/202011-147_12.jpg?subformat=icon-1440</subfield>
    <subfield code="x">icon-1440</subfield>
  </datafield>
  <datafield tag="856" ind1="4" ind2=" ">
    <subfield code="8">2268118</subfield>
    <subfield code="s">1119595</subfield>
    <subfield code="u">http://cds.cern.ch/record/2743423/files/202011-147_13.jpg?subformat=icon-1440</subfield>
    <subfield code="x">icon-1440</subfield>
  </datafield>
  <datafield tag="856" ind1="4" ind2=" ">
    <subfield code="8">2268118</subfield>
    <subfield code="s">263064</subfield>
    <subfield code="u">http://cds.cern.ch/record/2743423/files/202011-147_13.jpg?subformat=icon-640</subfield>
    <subfield code="x">icon-640</subfield>
  </datafield>
  <datafield tag="856" ind1="4" ind2=" ">
    <subfield code="8">2268118</subfield>
    <subfield code="s">34808</subfield>
    <subfield code="u">http://cds.cern.ch/record/2743423/files/202011-147_13.jpg?subformat=icon-180</subfield>
    <subfield code="x">icon-180</subfield>
  </datafield>
  <datafield tag="856" ind1="4" ind2=" ">
    <subfield code="8">2268119</subfield>
    <subfield code="s">203737</subfield>
    <subfield code="u">http://cds.cern.ch/record/2743423/files/202011-147_14.jpg?subformat=icon-640</subfield>
    <subfield code="x">icon-640</subfield>
  </datafield>
  <datafield tag="856" ind1="4" ind2=" ">
    <subfield code="8">2268119</subfield>
    <subfield code="s">29810</subfield>
    <subfield code="u">http://cds.cern.ch/record/2743423/files/202011-147_14.jpg?subformat=icon-180</subfield>
    <subfield code="x">icon-180</subfield>
  </datafield>
  <datafield tag="856" ind1="4" ind2=" ">
    <subfield code="8">2268119</subfield>
    <subfield code="s">867359</subfield>
    <subfield code="u">http://cds.cern.ch/record/2743423/files/202011-147_14.jpg?subformat=icon-1440</subfield>
    <subfield code="x">icon-1440</subfield>
  </datafield>
  <datafield tag="856" ind1="4" ind2=" ">
    <subfield code="8">2268120</subfield>
    <subfield code="s">1959029</subfield>
    <subfield code="u">http://cds.cern.ch/record/2743423/files/202011-147_15.jpg?subformat=icon-1440</subfield>
    <subfield code="x">icon-1440</subfield>
  </datafield>
  <datafield tag="856" ind1="4" ind2=" ">
    <subfield code="8">2268120</subfield>
    <subfield code="s">451937</subfield>
    <subfield code="u">http://cds.cern.ch/record/2743423/files/202011-147_15.jpg?subformat=icon-640</subfield>
    <subfield code="x">icon-640</subfield>
  </datafield>
  <datafield tag="856" ind1="4" ind2=" ">
    <subfield code="8">2268120</subfield>
    <subfield code="s">52586</subfield>
    <subfield code="u">http://cds.cern.ch/record/2743423/files/202011-147_15.jpg?subformat=icon-180</subfield>
    <subfield code="x">icon-180</subfield>
  </datafield>
  <datafield tag="856" ind1="4" ind2=" ">
    <subfield code="8">2268121</subfield>
    <subfield code="s">236009</subfield>
    <subfield code="u">http://cds.cern.ch/record/2743423/files/202011-147_16.jpg?subformat=icon-640</subfield>
    <subfield code="x">icon-640</subfield>
  </datafield>
  <datafield tag="856" ind1="4" ind2=" ">
    <subfield code="8">2268121</subfield>
    <subfield code="s">33729</subfield>
    <subfield code="u">http://cds.cern.ch/record/2743423/files/202011-147_16.jpg?subformat=icon-180</subfield>
    <subfield code="x">icon-180</subfield>
  </datafield>
  <datafield tag="856" ind1="4" ind2=" ">
    <subfield code="8">2268121</subfield>
    <subfield code="s">999163</subfield>
    <subfield code="u">http://cds.cern.ch/record/2743423/files/202011-147_16.jpg?subformat=icon-1440</subfield>
    <subfield code="x">icon-1440</subfield>
  </datafield>
  <datafield tag="856" ind1="4" ind2=" ">
    <subfield code="8">2268122</subfield>
    <subfield code="s">203600</subfield>
    <subfield code="u">http://cds.cern.ch/record/2743423/files/202011-147_17.jpg?subformat=icon-640</subfield>
    <subfield code="x">icon-640</subfield>
  </datafield>
  <datafield tag="856" ind1="4" ind2=" ">
    <subfield code="8">2268122</subfield>
    <subfield code="s">28987</subfield>
    <subfield code="u">http://cds.cern.ch/record/2743423/files/202011-147_17.jpg?subformat=icon-180</subfield>
    <subfield code="x">icon-180</subfield>
  </datafield>
  <datafield tag="856" ind1="4" ind2=" ">
    <subfield code="8">2268122</subfield>
    <subfield code="s">899066</subfield>
    <subfield code="u">http://cds.cern.ch/record/2743423/files/202011-147_17.jpg?subformat=icon-1440</subfield>
    <subfield code="x">icon-1440</subfield>
  </datafield>
  <datafield tag="856" ind1="4" ind2=" ">
    <subfield code="8">2268123</subfield>
    <subfield code="s">178810</subfield>
    <subfield code="u">http://cds.cern.ch/record/2743423/files/202011-147_18.jpg?subformat=icon-640</subfield>
    <subfield code="x">icon-640</subfield>
  </datafield>
  <datafield tag="856" ind1="4" ind2=" ">
    <subfield code="8">2268123</subfield>
    <subfield code="s">26897</subfield>
    <subfield code="u">http://cds.cern.ch/record/2743423/files/202011-147_18.jpg?subformat=icon-180</subfield>
    <subfield code="x">icon-180</subfield>
  </datafield>
  <datafield tag="856" ind1="4" ind2=" ">
    <subfield code="8">2268123</subfield>
    <subfield code="s">778106</subfield>
    <subfield code="u">http://cds.cern.ch/record/2743423/files/202011-147_18.jpg?subformat=icon-1440</subfield>
    <subfield code="x">icon-1440</subfield>
  </datafield>
  <datafield tag="856" ind1="4" ind2=" ">
    <subfield code="8">2268124</subfield>
    <subfield code="s">1203815</subfield>
    <subfield code="u">http://cds.cern.ch/record/2743423/files/202011-147_19.jpg?subformat=icon-1440</subfield>
    <subfield code="x">icon-1440</subfield>
  </datafield>
  <datafield tag="856" ind1="4" ind2=" ">
    <subfield code="8">2268124</subfield>
    <subfield code="s">268954</subfield>
    <subfield code="u">http://cds.cern.ch/record/2743423/files/202011-147_19.jpg?subformat=icon-640</subfield>
    <subfield code="x">icon-640</subfield>
  </datafield>
  <datafield tag="856" ind1="4" ind2=" ">
    <subfield code="8">2268124</subfield>
    <subfield code="s">36355</subfield>
    <subfield code="u">http://cds.cern.ch/record/2743423/files/202011-147_19.jpg?subformat=icon-180</subfield>
    <subfield code="x">icon-180</subfield>
  </datafield>
  <datafield tag="856" ind1="4" ind2=" ">
    <subfield code="8">2268125</subfield>
    <subfield code="s">189492</subfield>
    <subfield code="u">http://cds.cern.ch/record/2743423/files/202011-147_20.jpg?subformat=icon-640</subfield>
    <subfield code="x">icon-640</subfield>
  </datafield>
  <datafield tag="856" ind1="4" ind2=" ">
    <subfield code="8">2268125</subfield>
    <subfield code="s">29183</subfield>
    <subfield code="u">http://cds.cern.ch/record/2743423/files/202011-147_20.jpg?subformat=icon-180</subfield>
    <subfield code="x">icon-180</subfield>
  </datafield>
  <datafield tag="856" ind1="4" ind2=" ">
    <subfield code="8">2268125</subfield>
    <subfield code="s">784435</subfield>
    <subfield code="u">http://cds.cern.ch/record/2743423/files/202011-147_20.jpg?subformat=icon-1440</subfield>
    <subfield code="x">icon-1440</subfield>
  </datafield>
  <datafield tag="856" ind1="4" ind2=" ">
    <subfield code="8">2268126</subfield>
    <subfield code="s">144248</subfield>
    <subfield code="u">http://cds.cern.ch/record/2743423/files/202011-147_21.jpg?subformat=icon-640</subfield>
    <subfield code="x">icon-640</subfield>
  </datafield>
  <datafield tag="856" ind1="4" ind2=" ">
    <subfield code="8">2268126</subfield>
    <subfield code="s">22521</subfield>
    <subfield code="u">http://cds.cern.ch/record/2743423/files/202011-147_21.jpg?subformat=icon-180</subfield>
    <subfield code="x">icon-180</subfield>
  </datafield>
  <datafield tag="856" ind1="4" ind2=" ">
    <subfield code="8">2268126</subfield>
    <subfield code="s">617787</subfield>
    <subfield code="u">http://cds.cern.ch/record/2743423/files/202011-147_21.jpg?subformat=icon-1440</subfield>
    <subfield code="x">icon-1440</subfield>
  </datafield>
  <datafield tag="856" ind1="4" ind2=" ">
    <subfield code="8">2268127</subfield>
    <subfield code="s">164777</subfield>
    <subfield code="u">http://cds.cern.ch/record/2743423/files/202011-147_22.jpg?subformat=icon-640</subfield>
    <subfield code="x">icon-640</subfield>
  </datafield>
  <datafield tag="856" ind1="4" ind2=" ">
    <subfield code="8">2268127</subfield>
    <subfield code="s">26409</subfield>
    <subfield code="u">http://cds.cern.ch/record/2743423/files/202011-147_22.jpg?subformat=icon-180</subfield>
    <subfield code="x">icon-180</subfield>
  </datafield>
  <datafield tag="856" ind1="4" ind2=" ">
    <subfield code="8">2268127</subfield>
    <subfield code="s">668554</subfield>
    <subfield code="u">http://cds.cern.ch/record/2743423/files/202011-147_22.jpg?subformat=icon-1440</subfield>
    <subfield code="x">icon-1440</subfield>
  </datafield>
  <datafield tag="856" ind1="4" ind2=" ">
    <subfield code="8">2268128</subfield>
    <subfield code="s">168547</subfield>
    <subfield code="u">http://cds.cern.ch/record/2743423/files/202011-147_23.jpg?subformat=icon-640</subfield>
    <subfield code="x">icon-640</subfield>
  </datafield>
  <datafield tag="856" ind1="4" ind2=" ">
    <subfield code="8">2268128</subfield>
    <subfield code="s">24117</subfield>
    <subfield code="u">http://cds.cern.ch/record/2743423/files/202011-147_23.jpg?subformat=icon-180</subfield>
    <subfield code="x">icon-180</subfield>
  </datafield>
  <datafield tag="856" ind1="4" ind2=" ">
    <subfield code="8">2268128</subfield>
    <subfield code="s">723245</subfield>
    <subfield code="u">http://cds.cern.ch/record/2743423/files/202011-147_23.jpg?subformat=icon-1440</subfield>
    <subfield code="x">icon-1440</subfield>
  </datafield>
  <datafield tag="856" ind1="4" ind2=" ">
    <subfield code="8">2268129</subfield>
    <subfield code="s">1214361</subfield>
    <subfield code="u">http://cds.cern.ch/record/2743423/files/202011-147_24.jpg?subformat=icon-1440</subfield>
    <subfield code="x">icon-1440</subfield>
  </datafield>
  <datafield tag="856" ind1="4" ind2=" ">
    <subfield code="8">2268129</subfield>
    <subfield code="s">285083</subfield>
    <subfield code="u">http://cds.cern.ch/record/2743423/files/202011-147_24.jpg?subformat=icon-640</subfield>
    <subfield code="x">icon-640</subfield>
  </datafield>
  <datafield tag="856" ind1="4" ind2=" ">
    <subfield code="8">2268129</subfield>
    <subfield code="s">37394</subfield>
    <subfield code="u">http://cds.cern.ch/record/2743423/files/202011-147_24.jpg?subformat=icon-180</subfield>
    <subfield code="x">icon-180</subfield>
  </datafield>
  <datafield tag="856" ind1="4" ind2=" ">
    <subfield code="8">2268130</subfield>
    <subfield code="s">180197</subfield>
    <subfield code="u">http://cds.cern.ch/record/2743423/files/202011-147_25.jpg?subformat=icon-640</subfield>
    <subfield code="x">icon-640</subfield>
  </datafield>
  <datafield tag="856" ind1="4" ind2=" ">
    <subfield code="8">2268130</subfield>
    <subfield code="s">26373</subfield>
    <subfield code="u">http://cds.cern.ch/record/2743423/files/202011-147_25.jpg?subformat=icon-180</subfield>
    <subfield code="x">icon-180</subfield>
  </datafield>
  <datafield tag="856" ind1="4" ind2=" ">
    <subfield code="8">2268130</subfield>
    <subfield code="s">755450</subfield>
    <subfield code="u">http://cds.cern.ch/record/2743423/files/202011-147_25.jpg?subformat=icon-1440</subfield>
    <subfield code="x">icon-1440</subfield>
  </datafield>
  <datafield tag="856" ind1="4" ind2=" ">
    <subfield code="8">2268131</subfield>
    <subfield code="s">171763</subfield>
    <subfield code="u">http://cds.cern.ch/record/2743423/files/202011-147_26.jpg?subformat=icon-640</subfield>
    <subfield code="x">icon-640</subfield>
  </datafield>
  <datafield tag="856" ind1="4" ind2=" ">
    <subfield code="8">2268131</subfield>
    <subfield code="s">24896</subfield>
    <subfield code="u">http://cds.cern.ch/record/2743423/files/202011-147_26.jpg?subformat=icon-180</subfield>
    <subfield code="x">icon-180</subfield>
  </datafield>
  <datafield tag="856" ind1="4" ind2=" ">
    <subfield code="8">2268131</subfield>
    <subfield code="s">735729</subfield>
    <subfield code="u">http://cds.cern.ch/record/2743423/files/202011-147_26.jpg?subformat=icon-1440</subfield>
    <subfield code="x">icon-1440</subfield>
  </datafield>
  <datafield tag="856" ind1="4" ind2=" ">
    <subfield code="8">2268132</subfield>
    <subfield code="s">190414</subfield>
    <subfield code="u">http://cds.cern.ch/record/2743423/files/202011-147_27.jpg?subformat=icon-640</subfield>
    <subfield code="x">icon-640</subfield>
  </datafield>
  <datafield tag="856" ind1="4" ind2=" ">
    <subfield code="8">2268132</subfield>
    <subfield code="s">27493</subfield>
    <subfield code="u">http://cds.cern.ch/record/2743423/files/202011-147_27.jpg?subformat=icon-180</subfield>
    <subfield code="x">icon-180</subfield>
  </datafield>
  <datafield tag="856" ind1="4" ind2=" ">
    <subfield code="8">2268132</subfield>
    <subfield code="s">825837</subfield>
    <subfield code="u">http://cds.cern.ch/record/2743423/files/202011-147_27.jpg?subformat=icon-1440</subfield>
    <subfield code="x">icon-1440</subfield>
  </datafield>
  <datafield tag="856" ind1="4" ind2=" ">
    <subfield code="8">2268133</subfield>
    <subfield code="s">192246</subfield>
    <subfield code="u">http://cds.cern.ch/record/2743423/files/202011-147_28.jpg?subformat=icon-640</subfield>
    <subfield code="x">icon-640</subfield>
  </datafield>
  <datafield tag="856" ind1="4" ind2=" ">
    <subfield code="8">2268133</subfield>
    <subfield code="s">25881</subfield>
    <subfield code="u">http://cds.cern.ch/record/2743423/files/202011-147_28.jpg?subformat=icon-180</subfield>
    <subfield code="x">icon-180</subfield>
  </datafield>
  <datafield tag="856" ind1="4" ind2=" ">
    <subfield code="8">2268133</subfield>
    <subfield code="s">862751</subfield>
    <subfield code="u">http://cds.cern.ch/record/2743423/files/202011-147_28.jpg?subformat=icon-1440</subfield>
    <subfield code="x">icon-1440</subfield>
  </datafield>
  <datafield tag="859" ind1=" " ind2=" ">
    <subfield code="f">julien.ordan@cern.ch</subfield>
  </datafield>
  <datafield tag="916" ind1=" " ind2=" ">
    <subfield code="s">n</subfield>
    <subfield code="w">202045</subfield>
  </datafield>
  <datafield tag="923" ind1=" " ind2=" ">
    <subfield code="p">CERN</subfield>
    <subfield code="r">&lt;></subfield>
  </datafield>
  <datafield tag="960" ind1=" " ind2=" ">
    <subfield code="a">86</subfield>
  </datafield>
  <datafield tag="963" ind1=" " ind2=" ">
    <subfield code="a">PUBLIC</subfield>
  </datafield>
  <datafield tag="963" ind1=" " ind2=" ">
    <subfield code="b">VISIBLE</subfield>
  </datafield>
  <datafield tag="980" ind1=" " ind2=" ">
    <subfield code="a">PHOTOLABCERN</subfield>
  </datafield>
</record>
</collection>